00522nam a2200205 a 4500001001300000003000900013005001700022008004100039020001000080082001900090100001600109245004100125260003400166300000900200500003500209505001800244650002000262650001800282700001600300nice12345678IN_TiNIC20260116013028.0050524s1976 alla grp 000 0 eng  ac10000a305.6297bTAR1 aTara, Chand aInfluence of Islam on Indian Culture aAllahabadbIndian Pressc1976 a231p aincludes index and biblioraphy2 aBiblio, Index aIslamic-Culture aCulture-India1 aTara, Chand